Morfologia historica del español /
Guardado en:
| Autor Principal: | |
|---|---|
| Otros Autores: | |
| Formato: | Libro |
| Publicado: |
Madrid :
Gredos,
1983
|
| Series: | Bibl. Romanica Hispanica, 57
|
| Materias: | |
| Etiquetas: |
Agregar Etiqueta
Sin Etiquetas, Sea el primero en etiquetar este registro!
|
| LEADER | 00644nam a22001935a 4500 | ||
|---|---|---|---|
| 001 | EHU.bham005409 | ||
| 003 | AR-BHAM | ||
| 005 | 20081016112127.0 | ||
| 008 | 130507s1983##################000#0#####d | ||
| 082 | 4 | 6 | |a 465.109 |
| 100 | 1 | |a Alvar, Manuel | |
| 245 | 1 | 0 | |a Morfologia historica del español / |c Manuel Alvar , Bernard Pottier , |
| 260 | |a Madrid : |b Gredos, |c 1983 | ||
| 300 | |a 533 p. | ||
| 490 | 0 | |a Bibl. Romanica Hispanica, 57 | |
| 653 | |a Castellano-morfologia-historia | ||
| 700 | 1 | |a Pottier, Bernard | |
| 859 | |a AR-BHAM |b BIB. HUMANIDADES - General |h 465.109 |i Al86 |p 13.85 |t Ej.1 | ||
| 859 | |a AR-BHAM |b BIB. HUMANIDADES - General |h 465.109 |i Al86 |p 391.85 |t Ej.1 | ||
